[Event "Chess24 October Blitz"]
[Site "chess24.com INT"]
[Date "2020.10.01"]
[Round "4"]
[White "Adhiban, Baskaran"]
[Black "Svidler, Peter"]
[Result "1/2-1/2"]
[WhiteElo "2659"]
[BlackElo "2723"]
[PlyCount "99"]
[EventDate "2020.10.01"]
[EventType "tourn (blitz)"]
[EventRounds "10"]
[EventCountry "GER"]
[EventCategory "19"]
[SourceTitle "EXT 2021"]
[Source "ChessBase"]
[SourceDate "2020.10.23"]
[SourceVersion "1"]
[SourceVersionDate "2020.10.23"]
[SourceQuality "1"]

1. c4 g6 2. d4 Nf6 3. Nc3 d5 4. cxd5 Nxd5 5. e4 Nxc3 6. bxc3 Bg7 7. Bc4 c5 8.
Ne2 Nc6 9. Be3 O-O 10. O-O e6 11. Qd2 Qa5 12. Rfd1 b5 13. Bb3 cxd4 14. cxd4
Qxd2 15. Rxd2 Bb7 16. f3 a5 17. Rc1 a4 18. Bc2 Rfc8 19. Bd3 b4 20. Bb5 b3 21.
axb3 axb3 22. Kf2 Na5 23. Rb1 Ba6 24. Bxa6 Rxa6 25. Rd3 Rc2 26. d5 exd5 27.
exd5 Bf8 28. Kf1 Nc4 29. Nd4 Rca2 30. Rdxb3 Nd2+ 31. Bxd2 Rxd2 32. Ne2 Raa2 33.
Re3 Rxd5 34. Nc3 Raa5 35. Nxd5 Rxd5 36. Rb8 Kg7 37. Rb7 Bc5 38. Re4 Bd4 39. h4
h5 40. g4 hxg4 41. fxg4 Bf6 42. g5 Be5 43. Ke2 Ra5 44. Re7 Bd6 45. Rd7 Be5 46.
Kf3 Ra3+ 47. Re3 Ra5 48. Re4 Ra3+ 49. Re3 Ra5 50. Re4 1/2-1/2

[Event "Chess24 October Blitz"]
[Site "chess24.com INT"]
[Date "2020.10.01"]
[Round "6"]
[White "Svidler, Peter"]
[Black "Tari, Aryan"]
[Result "1-0"]
[WhiteElo "2723"]
[BlackElo "2633"]
[PlyCount "81"]
[EventDate "2020.10.01"]
[EventType "tourn (blitz)"]
[EventRounds "10"]
[EventCountry "GER"]
[EventCategory "19"]
[SourceTitle "EXT 2021"]
[Source "ChessBase"]
[SourceDate "2020.10.23"]
[SourceVersion "1"]
[SourceVersionDate "2020.10.23"]
[SourceQuality "1"]

1. e4 c6 2. Nf3 d5 3. d3 Qc7 4. Nbd2 e5 5. Qe2 dxe4 6. Qxe4 Nf6 7. Qxe5+ Qxe5+
8. Nxe5 Bd6 9. Nec4 Bc7 10. Ne4 Nxe4 11. dxe4 Be6 12. Be3 b5 13. Nd2 Bb6 14.
Bxb6 axb6 15. a3 b4 16. f4 f6 17. Bc4 Ke7 18. Ke2 bxa3 19. Rxa3 Rxa3 20. bxa3
Nd7 21. Rb1 b5 22. Bxe6 Kxe6 23. c4 Ra8 24. cxb5 cxb5 25. Rb3 Ra4 26. Ke3 Nc5
27. Rxb5 Rxa3+ 28. Kd4 Rd3+ 29. Kxc5 Rxd2 30. Rb6+ Kf7 31. Rb7+ Kf8 32. g4 Rxh2
33. Kd6 h5 34. Ke6 Kg8 35. g5 fxg5 36. fxg5 Rf2 37. e5 h4 38. g6 h3 39. Rb8+
Rf8 40. Rxf8+ Kxf8 41. Kd7 1-0

[Event "Chess24 October Blitz"]
[Site "chess24.com INT"]
[Date "2020.10.01"]
[Round "7"]
[White "Vidit, Santosh Gujrathi"]
[Black "Svidler, Peter"]
[Result "1/2-1/2"]
[WhiteElo "2726"]
[BlackElo "2723"]
[PlyCount "139"]
[EventDate "2020.10.01"]
[EventType "tourn (blitz)"]
[EventRounds "10"]
[EventCountry "GER"]
[EventCategory "19"]
[SourceTitle "EXT 2021"]
[Source "ChessBase"]
[SourceDate "2020.10.23"]
[SourceVersion "1"]
[SourceVersionDate "2020.10.23"]
[SourceQuality "1"]

1. d4 d6 2. Nf3 Bg4 3. e4 Nf6 4. Nc3 e6 5. h3 Bh5 6. Be2 Be7 7. Be3 O-O 8. O-O
d5 9. exd5 exd5 10. g4 Bg6 11. Ne5 Ne4 12. Nxe4 Bxe4 13. f3 Bg6 14. f4 Be4 15.
Bf3 f6 16. Nd3 Nc6 17. f5 Bd6 18. Bxe4 dxe4 19. Nf2 Re8 20. c4 Bg3 21. Qb3 Kh8
22. Rad1 Qd6 23. Kg2 Bh4 24. Nh1 Bg5 25. Ng3 Bxe3 26. Qxe3 b5 27. cxb5 Nb4 28.
Qb3 Nd5 29. Rde1 e3 30. Ne2 a6 31. bxa6 Rxa6 32. a3 h5 33. Qd3 Rb6 34. b4 Ra8
35. Ra1 Rba6 36. Qe4 h4 37. Nf4 Nxf4+ 38. Qxf4 Qd5+ 39. Qf3 Qxd4 40. Rae1 Rxa3
41. Re2 Re8 42. Rfe1 Qe4 43. Qxe4 Rxe4 44. Kf3 Rxb4 45. Rxe3 Rbb3 46. Rxb3
Rxb3+ 47. Kf4 Kh7 48. g5 Rb4+ 49. Kf3 fxg5 50. Re6 Rf4+ 51. Kg2 Rxf5 52. Rc6
Rf4 53. Rxc7 g4 54. Rc5 gxh3+ 55. Kxh3 Kh6 56. Rc8 g6 57. Rh8+ Kg5 58. Rc8 Rf3+
59. Kg2 Rg3+ 60. Kh2 Kh5 61. Rc5+ g5 62. Rc8 Ra3 63. Rh8+ Kg4 64. Rc8 Ra2+ 65.
Kg1 Kg3 66. Rc3+ Kg4 67. Rc4+ Kg3 68. Rc3+ Kg4 69. Rc5 Kg3 70. Rc3+ 1/2-1/2

[Event "Chess24 October Blitz"]
[Site "chess24.com INT"]
[Date "2020.10.01"]
[Round "8"]
[White "Svidler, Peter"]
[Black "Anton Guijarro, David"]
[Result "1-0"]
[WhiteElo "2723"]
[BlackElo "2681"]
[PlyCount "63"]
[EventDate "2020.10.01"]
[EventType "tourn (blitz)"]
[EventRounds "10"]
[EventCountry "GER"]
[EventCategory "19"]
[SourceTitle "EXT 2021"]
[Source "ChessBase"]
[SourceDate "2020.10.23"]
[SourceVersion "1"]
[SourceVersionDate "2020.10.23"]
[SourceQuality "1"]

1. Nf3 d5 2. g3 g6 3. c4 dxc4 4. Qa4+ Nc6 5. Bg2 Bg7 6. O-O Nh6 7. Qxc4 Nf5 8.
Nc3 O-O 9. d3 a6 10. Bg5 h6 11. Bd2 e5 12. Rac1 Be6 13. Qc5 Re8 14. Qa3 Bf8 15.
Qa4 Bg7 16. Rfe1 Rb8 17. Ne4 Bd5 18. Nc5 Ncd4 19. Nxd4 exd4 20. Qd7 Bxg2 21.
Kxg2 g5 22. Qxf5 b6 23. Nxa6 Rb7 24. Qf3 Ra7 25. Nb4 Qd7 26. Qc6 Qd8 27. a3 Re6
28. Qd5 Rd6 29. Qf3 Qd7 30. Nc6 Ra4 31. Bb4 Re6 32. b3 1-0

[Event "Chess24 October Blitz"]
[Site "chess24.com INT"]
[Date "2020.10.01"]
[Round "9"]
[White "Svidler, Peter"]
[Black "Adhiban, Baskaran"]
[Result "1-0"]
[WhiteElo "2723"]
[BlackElo "2659"]
[PlyCount "75"]
[EventDate "2020.10.01"]
[EventType "tourn (blitz)"]
[EventRounds "10"]
[EventCountry "GER"]
[EventCategory "19"]
[SourceTitle "EXT 2021"]
[Source "ChessBase"]
[SourceDate "2020.10.23"]
[SourceVersion "1"]
[SourceVersionDate "2020.10.23"]
[SourceQuality "1"]

1. Nf3 c5 2. c4 g6 3. d4 cxd4 4. Nxd4 Nc6 5. e4 Nf6 6. Nc3 Nxd4 7. Qxd4 d6 8.
Be3 Bg7 9. f3 Qa5 10. Qd2 a6 11. Be2 Be6 12. Rc1 Nd7 13. O-O O-O 14. f4 Rfc8
15. b3 Nc5 16. Bf3 Rab8 17. Bd4 Bxd4+ 18. Qxd4 Nd7 19. Kh1 Qc5 20. Qd2 Nf6 21.
Rce1 b5 22. f5 Bd7 23. fxg6 hxg6 24. e5 dxe5 25. Nd5 Nxd5 26. Bxd5 e6 27. Be4
Bc6 28. Bxg6 fxg6 29. Qg5 Rb7 30. Qxg6+ Rg7 31. Qxe6+ Kh7 32. Qh3+ Kg8 33.
Qxc8+ Kh7 34. Qh3+ Kg8 35. Qe6+ Kh7 36. Re2 bxc4 37. bxc4 Ba8 38. Rf7 1-0

[Event "Speed Chess Super Swiss"]
[Site "chess.com INT"]
[Date "2020.10.03"]
[Round "1"]
[White "Svidler, Peter"]
[Black "De Silva, LMST."]
[Result "1-0"]
[WhiteElo "2723"]
[BlackElo "2085"]
[PlyCount "55"]
[EventDate "2020.10.03"]
[EventType "swiss (blitz)"]
[EventRounds "15"]
[EventCountry "USA"]
[SourceTitle "EXT 2021"]
[Source "ChessBase"]
[SourceDate "2020.10.23"]
[SourceVersion "1"]
[SourceVersionDate "2020.10.23"]
[SourceQuality "1"]

1. e4 e5 2. Nf3 Nc6 3. Bb5 a6 4. Ba4 Nf6 5. O-O Be7 6. d3 b5 7. Bb3 d6 8. a4
Bg4 9. c3 O-O 10. h3 Bh5 11. Nbd2 b4 12. a5 Rb8 13. Bc4 d5 14. exd5 Nxd5 15.
Qa4 bxc3 16. bxc3 Na7 17. Ne4 Bg6 18. Nxe5 Bxe4 19. dxe4 Nxc3 20. Qc2 Qd4 21.
Bf4 Bf6 22. Rad1 Qxe4 23. Qxe4 Nxe4 24. Nd7 Rbd8 25. Nxf8 Rxd1 26. Rxd1 Kxf8
27. Bxc7 Bc3 28. Bxa6 1-0

[Event "Speed Chess Super Swiss"]
[Site "chess.com INT"]
[Date "2020.10.03"]
[Round "2"]
[White "Lugovskoy, Maxim"]
[Black "Svidler, Peter"]
[Result "1-0"]
[WhiteElo "2420"]
[BlackElo "2723"]
[PlyCount "123"]
[EventDate "2020.10.03"]
[EventType "swiss (blitz)"]
[EventRounds "15"]
[EventCountry "USA"]
[SourceTitle "EXT 2021"]
[Source "ChessBase"]
[SourceDate "2020.10.23"]
[SourceVersion "1"]
[SourceVersionDate "2020.10.23"]
[SourceQuality "1"]

1. d4 Nf6 2. Nc3 d5 3. Bf4 a6 4. e3 c5 5. Nf3 Nc6 6. Bd3 Bg4 7. Be2 e6 8. Ne5
Bxe2 9. Nxe2 Rc8 10. c3 Be7 11. h3 O-O 12. O-O Bd6 13. Nxc6 Rxc6 14. Bg5 h6 15.
Bh4 Be7 16. Bxf6 Bxf6 17. f4 b5 18. Ng3 b4 19. Nh5 Be7 20. Qg4 g6 21. Ng3 Kh7
22. Rad1 Qa5 23. cxb4 Qxb4 24. h4 Qxb2 25. h5 Rg8 26. Qf3 cxd4 27. hxg6+ Rxg6
28. f5 exf5 29. Qxd5 dxe3 30. Qxf7+ Rg7 31. Qxf5+ Rcg6 32. Rde1 Bd6 33. Re2 Qe5
34. Qxe5 Bxe5 35. Nf5 Rb7 36. Rxe3 Rb2 37. Rf2 Bh2+ 38. Kf1 Rxf2+ 39. Kxf2 Rb6
40. Re7+ Kg6 41. Nh4+ Kf6 42. Rh7 Rb2+ 43. Kf1 Kg5 44. Nf3+ Kf4 45. Ra7 Bg3 46.
Rf7+ Ke3 47. Re7+ Kd3 48. Ne1+ Bxe1 49. Rxe1 Rxa2 50. Kg1 a5 51. Rd1+ Ke2 52.
Rd8 a4 53. Kh2 a3 54. Re8+ Kd3 55. Rc8 Rb2 56. Rd8+ Kc3 57. Rc8+ Kb3 58. Ra8 a2
59. Rd8 Kc2 60. Rd3 Kb1 61. Rc3 a1=Q 62. Rc1+ 1-0

[Event "Speed Chess Super Swiss"]
[Site "chess.com INT"]
[Date "2020.10.03"]
[Round "3"]
[White "Svidler, Peter"]
[Black "David, Alexandru Vasile"]
[Result "1/2-1/2"]
[WhiteElo "2723"]
[BlackElo "2428"]
[PlyCount "51"]
[EventDate "2020.10.03"]
[EventType "swiss (blitz)"]
[EventRounds "15"]
[EventCountry "USA"]
[SourceTitle "EXT 2021"]
[Source "ChessBase"]
[SourceDate "2020.10.23"]
[SourceVersion "1"]
[SourceVersionDate "2020.10.23"]
[SourceQuality "1"]

1. e4 c5 2. Nf3 e6 3. d4 cxd4 4. Nxd4 Nf6 5. Nc3 Nc6 6. a3 Be7 7. Be3 O-O 8. f4
e5 9. Nf5 exf4 10. Bxf4 d5 11. Be2 Bxf5 12. exf5 d4 13. Nb1 Nd5 14. O-O Nxf4
15. Rxf4 Bg5 16. Rf1 Qb6 17. Bd3 Ne5 18. Nd2 Nxd3 19. cxd3 Qxb2 20. Ne4 Be3+
21. Kh1 f6 22. h3 Rf7 23. Qf3 Rd8 24. a4 Qb3 25. Rfc1 Bxc1 26. Rxc1 1/2-1/2

[Event "Speed Chess Super Swiss"]
[Site "chess.com INT"]
[Date "2020.10.03"]
[Round "4"]
[White "Purtseladze, Maka"]
[Black "Svidler, Peter"]
[Result "0-1"]
[WhiteElo "2274"]
[BlackElo "2723"]
[PlyCount "94"]
[EventDate "2020.10.03"]
[EventType "swiss (blitz)"]
[EventRounds "15"]
[EventCountry "USA"]
[SourceTitle "EXT 2021"]
[Source "ChessBase"]
[SourceDate "2020.10.23"]
[SourceVersion "1"]
[SourceVersionDate "2020.10.23"]
[SourceQuality "1"]

1. Nf3 g6 2. g3 Bg7 3. Bg2 c5 4. c4 Nc6 5. O-O Nh6 6. Nc3 Nf5 7. d3 O-O 8. g4
Nfd4 9. Nxd4 cxd4 10. Ne4 d6 11. g5 Bf5 12. h4 Qd7 13. Bf4 Bh3 14. Kh2 Bxg2 15.
Kxg2 Rac8 16. Rh1 d5 17. cxd5 Qxd5 18. h5 Rfd8 19. hxg6 hxg6 20. f3 Qf5 21. Rh4
Nb4 22. a3 Nd5 23. Bd2 Ne3+ 24. Bxe3 dxe3 25. Rc1 Qd5 26. Rxc8 Rxc8 27. Qa4
Bxb2 28. Qxa7 Bd4 29. Qa4 Kg7 30. Nf6 Qxg5+ 31. Rg4 Qxf6 32. Qxd4 Qxd4 33. Rxd4
Rc2 34. Kf1 Rc1+ 35. Kg2 Re1 36. f4 Rxe2+ 37. Kf3 Ra2 38. Rd7 Rxa3 39. Kxe3 b5
40. Rxe7 Kf6 41. Rb7 Rb3 42. Rb6+ Kf5 43. Rb7 f6 44. Rb6 b4 45. Rb7 Rb1 46.
Rb5+ Kg4 47. Rb6 g5 0-1

[Event "Speed Chess Super Swiss"]
[Site "chess.com INT"]
[Date "2020.10.03"]
[Round "5"]
[White "Svidler, Peter"]
[Black "Matinian, Nikita"]
[Result "1-0"]
[WhiteElo "2723"]
[BlackElo "2470"]
[PlyCount "107"]
[EventDate "2020.10.03"]
[EventType "swiss (blitz)"]
[EventRounds "15"]
[EventCountry "USA"]
[SourceTitle "EXT 2021"]
[Source "ChessBase"]
[SourceDate "2020.10.23"]
[SourceVersion "1"]
[SourceVersionDate "2020.10.23"]
[SourceQuality "1"]

1. e4 e5 2. Nf3 Nc6 3. Bc4 Nf6 4. d3 Bc5 5. c3 d6 6. a4 a5 7. Nbd2 Ne7 8. O-O
Ng6 9. d4 Bb6 10. Re1 O-O 11. Bf1 Re8 12. Qc2 d5 13. exd5 exd4 14. Rxe8+ Nxe8
15. c4 Qe7 16. Nb3 c5 17. dxc6 bxc6 18. c5 Bc7 19. Nbxd4 Ne5 20. Bg5 Nxf3+ 21.
Nxf3 Nf6 22. Re1 Qd8 23. Bxf6 gxf6 24. Qe4 Be6 25. Bc4 Bxc4 26. Qxc4 Qd5 27.
Qxd5 cxd5 28. Nd4 Rb8 29. Nb5 Be5 30. b3 Rc8 31. Rc1 d4 32. Kf1 d3 33. Rd1 Rxc5
34. Rxd3 Rc2 35. g3 Kg7 36. Na3 Rc1+ 37. Kg2 Bc3 38. Nc4 Bb4 39. Rd5 Rb1 40.
Rb5 Kg6 41. h4 h5 42. Nxa5 Bxa5 43. Rxa5 Rxb3 44. Rb5 Ra3 45. a5 f5 46. Kf1 f6
47. Ke2 Ra2+ 48. Ke3 Ra3+ 49. Kd4 Ra2 50. Kc5 Rxf2 51. a6 f4 52. gxf4 Rxf4 53.
a7 Ra4 54. Kb6 1-0

[Event "Speed Chess Super Swiss"]
[Site "chess.com INT"]
[Date "2020.10.03"]
[Round "6"]
[White "Vasquez Schroder, Rodrigo Rafael"]
[Black "Svidler, Peter"]
[Result "1-0"]
[WhiteElo "2441"]
[BlackElo "2723"]
[PlyCount "77"]
[EventDate "2020.10.03"]
[EventType "swiss (blitz)"]
[EventRounds "15"]
[EventCountry "USA"]
[SourceTitle "EXT 2021"]
[Source "ChessBase"]
[SourceDate "2020.10.23"]
[SourceVersion "1"]
[SourceVersionDate "2020.10.23"]
[SourceQuality "1"]

1. e4 c5 2. Nf3 d6 3. d4 cxd4 4. Nxd4 Nf6 5. Nc3 a6 6. Bg5 Nbd7 7. Bc4 e6 8.
Bb3 Nc5 9. Qe2 Be7 10. h4 Qc7 11. O-O-O h6 12. Bd2 b5 13. a3 Bb7 14. f3 Nxb3+
15. cxb3 d5 16. e5 Nd7 17. f4 b4 18. axb4 Bxb4 19. Kb1 Qb6 20. Be3 Nc5 21. f5
Bc8 22. fxe6 Bxe6 23. Na4 Nxa4 24. bxa4 O-O 25. Rc1 Qb7 26. g4 Rac8 27. g5
Rxc1+ 28. Rxc1 Rc8 29. gxh6 Rxc1+ 30. Bxc1 g6 31. Nxe6 fxe6 32. Qg4 Kh7 33.
Qxe6 d4 34. Qf6 d3 35. Qd8 Bc3 36. Qxd3 Bxe5 37. h5 Qc6 38. b4 Bd6 39. Qxg6+
1-0

[Event "Speed Chess Super Swiss"]
[Site "chess.com INT"]
[Date "2020.10.03"]
[Round "7"]
[White "Svidler, Peter"]
[Black "Storme, Isak"]
[Result "1-0"]
[WhiteElo "2723"]
[BlackElo "2393"]
[PlyCount "59"]
[EventDate "2020.10.03"]
[EventType "swiss (blitz)"]
[EventRounds "15"]
[EventCountry "USA"]
[SourceTitle "EXT 2021"]
[Source "ChessBase"]
[SourceDate "2020.10.23"]
[SourceVersion "1"]
[SourceVersionDate "2020.10.23"]
[SourceQuality "1"]

1. e4 c5 2. Nf3 d6 3. d4 cxd4 4. Nxd4 Nf6 5. Nc3 g6 6. g4 Bxg4 7. f3 Bd7 8. Be3
Nc6 9. Qd2 Bg7 10. O-O-O O-O 11. h4 h5 12. Kb1 Rc8 13. Rg1 Ne5 14. Be2 Kh7 15.
Bg5 Qa5 16. Nb3 Qb6 17. Bxf6 exf6 18. Nd5 Qd8 19. f4 Nc4 20. Bxc4 Rxc4 21. Qd3
Bb5 22. f5 a5 23. Qg3 Qe8 24. Nf4 g5 25. hxg5 Qxe4 26. g6+ Kh8 27. Nxh5 Qxc2+
28. Ka1 a4 29. Qh3 axb3 30. Nxf6+ 1-0

[Event "Speed Chess Super Swiss"]
[Site "chess.com INT"]
[Date "2020.10.03"]
[Round "8"]
[White "Smirnov, Pavel"]
[Black "Svidler, Peter"]
[Result "1/2-1/2"]
[WhiteElo "2544"]
[BlackElo "2723"]
[PlyCount "133"]
[EventDate "2020.10.03"]
[EventType "swiss (blitz)"]
[EventRounds "15"]
[EventCountry "USA"]
[SourceTitle "EXT 2021"]
[Source "ChessBase"]
[SourceDate "2020.10.23"]
[SourceVersion "1"]
[SourceVersionDate "2020.10.23"]
[SourceQuality "1"]

1. d4 d6 2. e4 Nf6 3. Nc3 g6 4. f4 Bg7 5. Nf3 O-O 6. e5 Nfd7 7. Bc4 e6 8. O-O
c5 9. dxc5 dxe5 10. fxe5 Nxe5 11. Qxd8 Nxf3+ 12. Rxf3 Rxd8 13. Bg5 Rd4 14. Bd3
Nc6 15. Nb5 Rd7 16. Raf1 Ne5 17. Rg3 b6 18. Be4 Bb7 19. Nd6 Bxe4 20. Nxe4 f5
21. Nf6+ Bxf6 22. Bxf6 Ng4 23. Bc3 bxc5 24. h3 Nh6 25. Re3 Kf7 26. Rfe1 Re8 27.
Be5 Ng8 28. Ra3 Nf6 29. Ra6 Ne4 30. Re3 g5 31. Rea3 Kg6 32. Kh2 f4 33. Rxa7 Rd1
34. Rg7+ Kf5 35. Bc7 e5 36. Rxh7 Ng3 37. Rxg3 fxg3+ 38. Kxg3 e4 39. Rf7+ Ke6
40. Rf2 Kd5 41. Ba5 e3 42. Re2 Ke4 43. Bc3 Rf8 44. a4 Rdf1 45. Be1 R1f6 46. a5
Re6 47. b4 cxb4 48. Bxb4 Rc8 49. Bd2 Kd4 50. Bc1 Rc4 51. Bb2+ Ke4 52. Re1 Rxc2
53. Bg7 Kd3 54. Kg4 e2 55. Kh5 Kd2 56. Rg1 e1=Q 57. Rxe1 Kxe1 58. Kxg5 Rxg2+
59. Kf5 Rxg7 60. h4 Ra6 61. h5 Rxa5+ 62. Kf6 Rg3 63. h6 Rh3 64. Kg6 Ra6+ 65.
Kg5 Raxh6 66. Kg4 R3h5 67. Kf4 1/2-1/2

[Event "Speed Chess Super Swiss"]
[Site "chess.com INT"]
[Date "2020.10.03"]
[Round "9"]
[White "Posthuma, Joshua G"]
[Black "Svidler, Peter"]
[Result "0-1"]
[WhiteElo "2339"]
[BlackElo "2723"]
[PlyCount "94"]
[EventDate "2020.10.03"]
[EventType "swiss (blitz)"]
[EventRounds "15"]
[EventCountry "USA"]
[SourceTitle "EXT 2021"]
[Source "ChessBase"]
[SourceDate "2020.10.23"]
[SourceVersion "1"]
[SourceVersionDate "2020.10.23"]
[SourceQuality "1"]

1. d4 g6 2. g3 Bg7 3. Bg2 c5 4. Nf3 cxd4 5. Nxd4 Nc6 6. Nb3 Nf6 7. c4 O-O 8.
Nc3 b6 9. O-O Bb7 10. Bf4 d6 11. Qd2 Rc8 12. Rac1 Qd7 13. Bh6 Ne5 14. Bxg7 Kxg7
15. Nd5 Bxd5 16. cxd5 Qa4 17. Rxc8 Rxc8 18. Rc1 Rxc1+ 19. Nxc1 Ne4 20. Bxe4
Qxe4 21. a3 h5 22. h4 a5 23. Na2 Nc4 24. Qc3+ Kg8 25. Nc1 Qxd5 26. Nd3 a4 27.
Nf4 Qd1+ 28. Kg2 Qb3 29. Qxb3 axb3 30. Nd3 e5 31. Nc1 Nxb2 32. Nxb3 Nc4 33. a4
f5 34. Kf3 Kf7 35. e3 Ke6 36. Ke2 e4 37. f3 Kd5 38. fxe4+ Kxe4 39. Nd4 Nxe3 40.
Nb5 Nc4 41. Nc7 f4 42. Ne6 fxg3 43. Nf8 Kf5 44. Kf3 Nb2 45. Nd7 Nxa4 46. Kxg3
b5 47. Nb6 Nxb6 0-1

[Event "Speed Chess Super Swiss"]
[Site "chess.com INT"]
[Date "2020.10.03"]
[Round "10"]
[White "Svidler, Peter"]
[Black "Cori, Jorge Moise"]
[Result "1-0"]
[WhiteElo "2723"]
[BlackElo "2652"]
[PlyCount "87"]
[EventDate "2020.10.03"]
[EventType "swiss (blitz)"]
[EventRounds "15"]
[EventCountry "USA"]
[SourceTitle "EXT 2021"]
[Source "ChessBase"]
[SourceDate "2020.10.23"]
[SourceVersion "1"]
[SourceVersionDate "2020.10.23"]
[SourceQuality "1"]

1. c4 e5 2. g3 Nc6 3. Bg2 g6 4. Nc3 Bg7 5. Rb1 d6 6. b4 Nf6 7. b5 Nd4 8. e3 Ne6
9. d3 O-O 10. Nge2 Re8 11. O-O Nc5 12. e4 a6 13. b6 cxb6 14. a4 Bd7 15. h3 Bc6
16. Be3 Nfd7 17. Qc2 f5 18. exf5 gxf5 19. d4 Bxg2 20. Kxg2 exd4 21. Bxd4 Qg5
22. Bxg7 Qxg7 23. Qxf5 Ne5 24. Nd5 Rf8 25. Qc2 Rf3 26. Nd4 Rf7 27. Nf5 Qf8 28.
Rxb6 Nc6 29. Nde3 Re8 30. Rd1 Ne4 31. g4 h5 32. Rb3 Rf6 33. Nd5 Rg6 34. f3 Qxf5
35. fxe4 Qf7 36. Rf3 Qg7 37. Rdf1 hxg4 38. Nf6+ Kh8 39. hxg4 Rxf6 40. Rxf6
Qxg4+ 41. Kh1 Ne5 42. Qh2+ Kg7 43. Qh6+ Kg8 44. Rf8+ 1-0

[Event "Speed Chess Super Swiss"]
[Site "chess.com INT"]
[Date "2020.10.03"]
[Round "11"]
[White "Van Wely, Loek"]
[Black "Svidler, Peter"]
[Result "0-1"]
[WhiteElo "2620"]
[BlackElo "2723"]
[PlyCount "70"]
[EventDate "2020.10.03"]
[EventType "swiss (blitz)"]
[EventRounds "15"]
[EventCountry "USA"]
[SourceTitle "EXT 2021"]
[Source "ChessBase"]
[SourceDate "2020.10.23"]
[SourceVersion "1"]
[SourceVersionDate "2020.10.23"]
[SourceQuality "1"]

1. d4 d6 2. Nf3 Bg4 3. c4 Bxf3 4. gxf3 c6 5. Nc3 g6 6. f4 Bg7 7. Bg2 Nd7 8. O-O
Ngf6 9. e3 O-O 10. b3 e6 11. Ba3 Qa5 12. Qc1 Qc7 13. Rd1 Rfc8 14. Qc2 d5 15.
Rac1 Bf8 16. Bb2 Bd6 17. a3 Nh5 18. Qe2 Ndf6 19. cxd5 exd5 20. Nxd5 Nxd5 21.
Bxd5 Qe7 22. Bf3 Nf6 23. b4 a5 24. b5 Bxa3 25. Bxa3 Qxa3 26. bxc6 bxc6 27. Bxc6
Rab8 28. e4 Nh5 29. Qe3 Rb3 30. Qd2 Rf3 31. f5 Nf4 32. Kh1 Nd3 33. Ra1 Qd6 34.
Bd5 Rxf2 35. Qh6 Rcc2 0-1

[Event "Speed Chess Super Swiss"]
[Site "chess.com INT"]
[Date "2020.10.03"]
[Round "12"]
[White "Svidler, Peter"]
[Black "Le, Quang Liem"]
[Result "0-1"]
[WhiteElo "2723"]
[BlackElo "2709"]
[PlyCount "116"]
[EventDate "2020.10.03"]
[EventType "swiss (blitz)"]
[EventRounds "15"]
[EventCountry "USA"]
[SourceTitle "EXT 2021"]
[Source "ChessBase"]
[SourceDate "2020.10.23"]
[SourceVersion "1"]
[SourceVersionDate "2020.10.23"]
[SourceQuality "1"]

1. c4 Nf6 2. g3 e5 3. Bg2 d5 4. cxd5 Nxd5 5. Nc3 Nb6 6. d3 Be7 7. Be3 O-O 8.
Rc1 Re8 9. h4 Nc6 10. Bxc6 bxc6 11. Nf3 Bg4 12. Nxe5 Qc8 13. Nxg4 Qxg4 14. Ne4
Nd5 15. Bd2 f5 16. Nc3 Bf6 17. Kf1 Nb6 18. e3 Rad8 19. Qxg4 fxg4 20. Ke2 Rd7
21. Rhd1 h5 22. Ne4 Bxb2 23. Rxc6 Red8 24. d4 Re8 25. Kd3 Red8 26. Bc3 Bxc3 27.
Nxc3 Rf7 28. Ne4 Nd5 29. Rb1 Re8 30. Rb2 Rf3 31. Ng5 Rxf2 32. Rxf2 Nb4+ 33. Kc4
Nxc6 34. e4 Rd8 35. Ne6 Rd6 36. d5 Ne5+ 37. Kc5 Nf3 38. Nxc7 Rd7 39. d6 g5 40.
hxg5 Nxg5 41. Kd5 Rxd6+ 42. Kxd6 Nxe4+ 43. Ke5 Nxf2 44. Nb5 Kf7 45. Nxa7 h4 46.
gxh4 g3 47. Nb5 g2 48. Nd6+ Kg8 49. Nf5 g1=Q 50. h5 Kh8 51. h6 Qh2+ 52. Ke6 Qf4
53. a4 Ng4 54. a5 Qe5+ 55. Kd7 Qxf5+ 56. Kc7 Qxa5+ 57. Kb7 Qf5 58. Kb8 Nxh6 0-1

[Event "Speed Chess Super Swiss"]
[Site "chess.com INT"]
[Date "2020.10.03"]
[Round "13"]
[White "Keymer, Vincent"]
[Black "Svidler, Peter"]
[Result "0-1"]
[WhiteElo "2588"]
[BlackElo "2723"]
[PlyCount "130"]
[EventDate "2020.10.03"]
[EventType "swiss (blitz)"]
[EventRounds "15"]
[EventCountry "USA"]
[SourceTitle "EXT 2021"]
[Source "ChessBase"]
[SourceDate "2020.10.23"]
[SourceVersion "1"]
[SourceVersionDate "2020.10.23"]
[SourceQuality "1"]

1. d4 d6 2. Nf3 Bg4 3. e4 Nf6 4. h3 Bh5 5. Bd3 e6 6. c3 Be7 7. Be3 O-O 8. Nbd2
d5 9. e5 Nfd7 10. Qc2 Bg6 11. Bxg6 fxg6 12. h4 Qe8 13. g4 h6 14. O-O-O c5 15.
dxc5 Bxc5 16. Rde1 Nc6 17. Nb3 Rxf3 18. Bxc5 Qf7 19. Re2 Ndxe5 20. Kb1 Nxg4 21.
Rg1 h5 22. Nd2 Rf5 23. f3 Nge5 24. Rge1 Re8 25. f4 Ng4 26. Nf3 Rxf4 27. Ng5 Qf5
28. Qxf5 Rxf5 29. Rxe6 Rxe6 30. Rxe6 Re5 31. Rd6 Nf6 32. Bd4 Nxd4 33. cxd4 Re8
34. Kc2 Kf8 35. Kd3 Ke7 36. Re6+ Kd7 37. Re5 Kd6 38. Nf7+ Kd7 39. Ng5 Rxe5 40.
dxe5 Ne4 41. Nf3 Ke6 42. Ke3 g5 43. hxg5 Kf5 44. g6 Kxg6 45. Kf4 Kf7 46. Kf5
g6+ 47. Kf4 g5+ 48. Kf5 g4 49. e6+ Ke7 50. Ne5 g3 51. Ng6+ Ke8 52. Nf4 h4 53.
Kg4 d4 54. Kxh4 d3 55. Ng2 d2 56. Ne3 g2 57. Nxg2 d1=Q 58. Nf4 Qg1 59. Nh3 Qg3+
60. Kh5 Nf6+ 61. Kh6 Kf8 62. Ng5 Qg4 63. Kg6 Ne4 64. Kh6 Qxg5+ 65. Kh7 Ke7 0-1

[Event "Speed Chess Super Swiss"]
[Site "chess.com INT"]
[Date "2020.10.03"]
[Round "14"]
[White "Svidler, Peter"]
[Black "Klekowski, Maciej"]
[Result "1-0"]
[WhiteElo "2723"]
[BlackElo "2512"]
[PlyCount "73"]
[EventDate "2020.10.03"]
[EventType "swiss (blitz)"]
[EventRounds "15"]
[EventCountry "USA"]
[SourceTitle "EXT 2021"]
[Source "ChessBase"]
[SourceDate "2020.10.23"]
[SourceVersion "1"]
[SourceVersionDate "2020.10.23"]
[SourceQuality "1"]

1. e4 c5 2. Nf3 Nc6 3. Bb5 g6 4. O-O Bg7 5. Re1 Nf6 6. e5 Nd5 7. Nc3 Nc7 8.
Bxc6 dxc6 9. Ne4 Ne6 10. d3 O-O 11. Be3 b6 12. Qd2 Nd4 13. Nxd4 cxd4 14. Bh6 c5
15. Bxg7 Kxg7 16. a4 a5 17. b3 Ra7 18. Qf4 f5 19. exf6+ exf6 20. Nd6 Re7 21.
Nxc8 Rxe1+ 22. Rxe1 Qxc8 23. Qd6 Re8 24. Re7+ Rxe7 25. Qxe7+ Kh6 26. Qxf6 Qb7
27. h4 Qb8 28. g4 Qc8 29. Qf4+ Kg7 30. Qe5+ Kh6 31. f3 Qf8 32. Kf2 Qd8 33. g5+
Kh5 34. Qf4 Qd7 35. Kg3 Qf5 36. Qg4+ Qxg4+ 37. fxg4# 1-0